000 01898cam a2200385 a 4500
001 15611156
005 20170105102845.0
008 090204s2010 cau b 001 0 eng d
010 _a 2009922265
015 _aGBA984625
_2bnb
015 _aGBA984625
_2dnb
016 7 _a015357392
_2Uk
020 _a9781412931199
020 _a1412931193
020 _a9781412931205 (pbk.)
020 _a1412931207 (pbk.)
035 _a(OCoLC)ocn351320316
040 _aUKM
_cUKM
_dBTCTA
_dYDXCP
_dBWKUK
_dVLB
_dCDX
_dBWX
_dUV0
_dDEBBG
_dDLC
042 _alccopycat
050 0 0 _aPN4775
_b.C64 2010
082 0 4 _a070.4
_222
084 _aAP 22800
_2rvk
100 1 _aCole, Peter.
245 1 0 _aNewspaper journalism /
_cPeter Cole and Tony Harcup.
260 _aLos Angeles, Calif. :
_bSAGE,
_c2010.
300 _avi, 223 p. ;
_c25 cm.
504 _aIncludes bibliographical references (p. [206]-216) and index.
505 0 _aPart I: Newspapers past and present. -- 1. The continuing importance of newspaper journalism -- 2. The UK national press today -- Beyond fleet street: newspapers in the regions and nations -- 4. Headlines from newspaper history -- Part II: COntemporary practices and current debates. -- 5. The changing political economy of the press -- 6. From telling stories to providing content: journalism in the digital age -- 7. The press under scrutiny: self regulation and ethics -- 8. Digging deeper: investigative journalism in newspapers -- Part III: Making sense of newspapers. -- 9. Hacks and academy: theorising journalism -- 10. Newspapers at the crossroads -- 11. Read all about it: a critical bibliography of newspaper journalism.
650 0 _aJournalism.
650 0 _aNewspapers.
700 1 _aHarcup, Tony.
906 _a7
_bcbc
_ccopycat
_d2
_encip
_f20
_gy-gencatlg
942 _2ddc
_cBK
999 _c14034
_d14034